[Event "World Blitz 2025"]
[Site "Doha QAT"]
[Date "2025.12.29"]
[Round "2.102"]
[White "Abdilkhair, Abilmansur"]
[Black "Zemlyanskii, Ivan"]
[Result "1-0"]
[WhiteTitle "IM"]
[BlackTitle "GM"]
[WhiteElo "2378"]
[BlackElo "2592"]
[WhiteFideId "13716417"]
[BlackFideId "24249971"]
[EventDate "2025.12.29"]

1. e4 c5 2. Nf3 e6 3. d4 cxd4 4. Nxd4 Nf6 5. Nc3 Nc6 6. Ndb5 d6 7. Bf4 e5 8. Bg5
a6 9. Bxf6 gxf6 10. Na3 b5 11. Nd5 f5 12. g3 fxe4 13. Bg2 Bg7 14. Bxe4 Be6 15.
c3 O-O 16. Nc2 f5 17. Bg2 Rb8 18. O-O a5 19. Re1 Qd7 20. a4 bxa4 21. Nce3 Rxb2
22. Qxa4 Rc8 23. Nc4 Rbb8 24. Ncb6 Qf7 25. Nxc8 Rxc8 26. Nb6 Bb3 27. Qb5 Na7 28.
Qxa5 Rc7 29. c4 e4 30. Rab1 Bc2 31. Nd5 Rc8 32. Rb6 Qd7 33. Ne3 Bd3 34. Qxf5 Qc7
35. Qe6+ Kh8 36. Rxd6 Nc6 37. Rd7 Qb6 38. Rxd3 exd3 39. Qxc8+ 1-0

[Event "World Blitz 2025"]
[Site "Doha QAT"]
[Date "2025.12.29"]
[Round "2.103"]
[White "Al Hosani, Omran"]
[Black "Sychev, Klementy"]
[Result "1/2-1/2"]
[WhiteTitle "IM"]
[BlackTitle "GM"]
[WhiteElo "2340"]
[BlackElo "2517"]
[WhiteFideId "9308733"]
[BlackFideId "4114060"]
[EventDate "2025.12.29"]

1. d4 d5 2. c4 e5 3. dxe5 d4 4. Nf3 Nc6 5. a3 g6 6. g3 Bg7 7. Bg2 Nxe5 8. Nxe5
Bxe5 9. O-O Ne7 10. b4 O-O 11. Bb2 Nf5 12. Nd2 c6 13. Nb3 Be6 14. Rc1 Bg7 15.
Nc5 Bc8 16. Qd3 Re8 17. b5 Qe7 18. Ne4 c5 19. a4 Rb8 20. Rfe1 b6 21. a5 Bb7 22.
Nd2 Bxg2 23. Kxg2 Rbd8 24. Nf3 h5 25. h4 Bh6 26. Ra1 Nd6 27. axb6 axb6 28. Ra6
Rb8 29. e3 Qe4 30. Qxe4 Rxe4 31. exd4 Rxe1 32. Nxe1 Nxc4 33. Bc3 Bg7 34. Ra4 Nd6
35. Bd2 cxd4 36. Bf4 Rd8 37. Ra6 Nxb5 38. Rxb6 Nc3 39. Nd3 Nd5 40. Rb3 Rc8 41.
Be5 Bxe5 42. Nxe5 Rc7 43. Rd3 Nf6 44. Rxd4 1/2-1/2

[Event "World Blitz 2025"]
[Site "Doha QAT"]
[Date "2025.12.29"]
[Round "2.104"]
[White "Bjerre, Jonas Buhl"]
[Black "Suleymenov, Alisher"]
[Result "1-0"]
[WhiteTitle "GM"]
[BlackTitle "GM"]
[WhiteElo "2623"]
[BlackElo "2505"]
[WhiteFideId "1444948"]
[BlackFideId "13707833"]
[EventDate "2025.12.29"]

1. e4 e5 2. Nf3 Nf6 3. Nxe5 d6 4. Nf3 Nxe4 5. d3 Nf6 6. d4 g6 7. Bb5+ c6 8. Bd3
Bg7 9. O-O O-O 10. Bf4 Re8 11. Nbd2 d5 12. c3 Nbd7 13. h3 Nf8 14. Qc2 Ne6 15.
Be5 Nd7 16. Bg3 Ng5 17. Nxg5 Qxg5 18. Nf3 Qd8 19. Rfe1 Nf6 20. Ne5 Be6 21. a4
Nd7 22. Nf3 a5 23. Re2 h6 24. Rae1 Qb6 25. Bxg6 c5 26. Bh7+ Kh8 27. Bf5 cxd4 28.
Nxd4 Nc5 29. Bxe6 fxe6 30. Be5 Bxe5 31. Rxe5 Ne4 32. f3 Ng5 33. h4 Rac8 34. Qd2
Nf7 35. Rxe6 Rxe6 36. Rxe6 Qc7 37. Qe3 Qg3 38. Nf5 1-0

[Event "World Blitz 2025"]
[Site "Doha QAT"]
[Date "2025.12.29"]
[Round "2.105"]
[White "Nainys, Zanas"]
[Black "Materia, Marco"]
[Result "0-1"]
[BlackTitle "IM"]
[WhiteElo "2307"]
[BlackElo "2497"]
[WhiteFideId "12844098"]
[BlackFideId "45150451"]
[EventDate "2025.12.29"]

1. d4 Nf6 2. c4 e6 3. Nf3 d5 4. Nc3 Nbd7 5. Qc2 dxc4 6. e4 c5 7. Bxc4 cxd4 8.
Nxd4 Bc5 9. Nb3 Bd6 10. O-O O-O 11. h3 a6 12. Rd1 Bb8 13. Bf1 b5 14. g3 Qc7 15.
Qe2 Bb7 16. Bg2 Rc8 17. Bf4 Ne5 18. Rac1 Qe7 19. Nd4 Nfd7 20. a4 b4 21. Nb1 Ba7
22. Nb3 Bc6 23. Nd4 Bxd4 24. Rxd4 Ng6 25. Be3 a5 26. b3 Qe8 27. Nd2 Bb7 28. Rxc8
Qxc8 29. Rc4 Qd8 30. Qe1 Nde5 31. Rc2 Rc8 32. Qc1 Nd3 33. Rxc8 Bxc8 34. Qc2 Ne1
35. Qc5 Nxg2 36. Kxg2 Ne7 37. Qb6 Qd7 38. Nc4 Bb7 39. Qxa5 Bxe4+ 40. Kh2 Qd1 41.
f3 Bxf3 42. g4 h5 43. Kg3 hxg4 44. hxg4 Bxg4 45. Qa8+ Kh7 46. Qe4+ Nf5+ 47. Kf4
Be2 48. Ne5 Qf1+ 49. Kg5 f6# 0-1

[Event "World Blitz 2025"]
[Site "Doha QAT"]
[Date "2025.12.29"]
[Round "2.106"]
[White "Saraci, Nderim"]
[Black "Medhus, Vitus Bondo"]
[Result "1/2-1/2"]
[WhiteTitle "IM"]
[BlackTitle "FM"]
[WhiteElo "2461"]
[BlackElo "2387"]
[WhiteFideId "6351921"]
[BlackFideId "1462547"]
[EventDate "2025.12.29"]

1. Nf3 c5 2. g3 Nc6 3. Bg2 g6 4. O-O Bg7 5. e3 d5 6. d4 cxd4 7. exd4 Nf6 8. Re1
O-O 9. c3 b5 10. Ne5 Bb7 11. Nd2 e6 12. Nd3 b4 13. Nxb4 Nxb4 14. cxb4 Qb6 15. a3
Qxd4 16. Nb3 Qxd1 17. Rxd1 Nd7 18. Rb1 Rfc8 19. Be3 Nb6 20. h4 Nc4 21. Bd4 a5
22. Bxg7 Kxg7 23. Nxa5 Nxa5 24. bxa5 Rxa5 25. Rdc1 Rb8 26. Ra1 Ba6 27. b4 Ra4
28. Bf3 Bc4 29. Bd1 Ra7 30. f4 Kf6 31. Kf2 Ke7 32. Rcb1 Rab7 33. Ke3 Kd6 34. Rc1
f6 35. Bf3 Ra7 36. Rcb1 Rba8 37. b5 Rxa3+ 38. Rxa3 Rxa3+ 39. Kf2 Rb3 40. Ra1
Rb2+ 41. Kg1 Bxb5 42. Ra7 Bd7 43. Ra6+ Bc6 44. h5 gxh5 45. Ra7 Rb7 46. Ra6 h4
47. f5 Rb3 48. Kf2 hxg3+ 49. Kxg3 e5 50. Kf2 Rb2+ 51. Kg3 e4 52. Bh5 Rb3+ 53.
Kf4 Kc7 54. Ra7+ Rb7 55. Ra8 Rb8 56. Ra7+ Bb7 57. Bf7 Ra8 58. Rxb7+ Kxb7 59.
Bxd5+ Kb8 60. Bxa8 Kxa8 61. Kxe4 Kb7 62. Kd5 h5 63. Ke6 h4 64. Kxf6 h3 65. Kg7
h2 66. f6 h1=Q 67. f7 Qg2+ 68. Kh8 Qh3+ 69. Kg7 Qg4+ 70. Kh8 Qh5+ 71. Kg8 Qg6+
72. Kh8 Qxf7 1/2-1/2

[Event "World Blitz 2025"]
[Site "Doha QAT"]
[Date "2025.12.29"]
[Round "2.107"]
[White "Fandi, Mazen"]
[Black "Rodrigue-Lemieux, Shawn"]
[Result "1-0"]
[WhiteTitle "FM"]
[BlackTitle "GM"]
[WhiteElo "2304"]
[BlackElo "2517"]
[WhiteFideId "7611625"]
[BlackFideId "2620049"]
[EventDate "2025.12.29"]

1. e4 c6 2. d4 d5 3. Nc3 dxe4 4. Nxe4 Nf6 5. Nxf6+ exf6 6. c3 Bf5 7. Bd3 Bxd3 8.
Qxd3 Bd6 9. Qe2+ Be7 10. Nf3 O-O 11. O-O Nd7 12. Bf4 Nb6 13. Rfe1 Re8 14. Rad1
Qd7 15. Qd3 Nd5 16. Bg3 b5 17. h3 a5 18. Re2 Bf8 19. Rde1 a4 20. Rxe8 Rxe8 21.
Rxe8 Qxe8 22. b3 a3 23. Kf1 b4 24. c4 Nc3 25. Qc2 f5 26. Ne5 f6 27. Nd3 Qe4 28.
f3 Qxd4 29. Bf2 Qd8 30. Nc5 g6 31. Ne6 Qd6 32. Nxf8 Kxf8 33. Be1 Qd4 34. Bf2 Qe5
35. Qd2 Ke8 36. Bd4 Qh2 37. Bxc3 bxc3 38. Qxc3 Qh1+ 39. Kf2 Qh2 40. Qxf6 Kd7 41.
Qd4+ Kc8 42. Qh8+ Kb7 43. Qxh7+ Kb6 44. c5+ Ka6 45. Qd7 Kb5 46. Qb7+ Kxc5 47.
Qe7+ Kb5 48. Qxa3 Qh1 49. Qa4+ Kb6 50. Qb4+ Kc7 51. Qc4 Qa1 52. a4 Qb2+ 53. Kg3
Qf6 54. f4 g5 55. fxg5 Qxg5+ 56. Kf3 Qh5+ 57. Kf2 Qg5 58. b4 f4 59. a5 Qg3+ 60.
Kf1 Kb7 61. b5 cxb5 62. Qxb5+ Kc7 63. Qb6+ Kd7 64. Qb7+ Kd8 65. Qf3 Qg5 66. a6
Qb5+ 67. Qe2 Qb6 68. Qd3+ Kc7 69. Ke2 Qc6 70. Qh7+ Kd8 71. Qb7 Qc3 72. Qb6+ Ke8
73. Qb8+ Kd7 74. Qxf4 Qa5 75. Qd4+ Kc6 76. Qc4+ Kb6 77. h4 Qe5+ 78. Kf3 Ka7 79.
g3 Qf5+ 80. Qf4 Qd3+ 81. Kg4 Qd1+ 82. Kg5 Qd8+ 83. Qf6 Qd5+ 84. Kg6 Qd3+ 85. Kh6
Qe3+ 86. Kh7 Qd3+ 87. Qg6 Qc4 88. g4 Ka8 89. Qg8+ 1-0

[Event "World Blitz 2025"]
[Site "Doha QAT"]
[Date "2025.12.29"]
[Round "2.108"]
[White "Gurel, Ediz"]
[Black "Tissir, Mohamed"]
[Result "1-0"]
[WhiteTitle "GM"]
[BlackTitle "IM"]
[WhiteElo "2645"]
[BlackElo "2293"]
[WhiteFideId "44507356"]
[BlackFideId "9000240"]
[EventDate "2025.12.29"]

1. e4 c5 2. Nf3 d6 3. d4 cxd4 4. Nxd4 Nf6 5. Nc3 a6 6. Be3 e6 7. a4 Nc6 8. Be2
Be7 9. g4 Qc7 10. h4 Nd7 11. g5 b6 12. Nxc6 Qxc6 13. Bd4 O-O 14. Qd2 Rb8 15. h5
b5 16. axb5 axb5 17. g6 h6 18. gxf7+ Rxf7 19. Rg1 Bg5 20. Be3 Bxe3 21. Qxe3 b4
22. Nd1 Qc5 23. Qxh6 Nf6 24. Qg6 Bb7 25. Bd3 Qxh5 26. Qxh5 Nxh5 27. Ra4 Bc6 28.
Ra6 Rc7 29. Kd2 Nf6 30. f3 Nd7 31. Ne3 Nc5 32. Ra5 b3 33. c3 Rf7 34. Be2 Bxe4
35. fxe4 Nxe4+ 36. Kc1 Rf2 37. Bd3 Nc5 38. Bc4 Kf7 39. Ra7+ Kf6 40. Ng4+ 1-0

[Event "World Blitz 2025"]
[Site "Doha QAT"]
[Date "2025.12.29"]
[Round "2.77"]
[White "Sindarov, Islombek"]
[Black "Can, Emre"]
[Result "1/2-1/2"]
[WhiteTitle "CM"]
[BlackTitle "GM"]
[WhiteElo "2129"]
[BlackElo "2541"]
[WhiteFideId "14205475"]
[BlackFideId "6302181"]
[EventDate "2025.12.29"]

1. c4 g6 2. Nc3 Bg7 3. g3 c5 4. Bg2 Nc6 5. Nf3 d6 6. O-O Bf5 7. d3 Qd7 8. Re1
Bh3 9. Bh1 h5 10. Bd2 Nf6 11. a3 Nd4 12. Nxd4 cxd4 13. Nb5 h4 14. Nxd4 hxg3 15.
fxg3 Ng4 16. Nf3 Bxb2 17. Rb1 Bf6 18. Qb3 Rb8 19. Bc3 Kf8 20. Bxf6 Nxf6 21. Qc3
b6 22. a4 Qxa4 23. Ra1 Qd7 24. Nd4 Rc8 25. Ra6 Kg7 26. Rea1 e5 27. Nf3 Rc7 28.
e3 Bf5 29. d4 e4 30. Nh4 d5 31. c5 Bg4 32. Qb2 g5 33. cxb6 axb6 34. Qxb6 Rh6 35.
Ng2 Bf3 36. Ne1 Ng4 37. Qa5 Nxh2 38. Rxh6 Kxh6 39. Kxh2 Bxh1 40. Kxh1 Qh3+ 41.
Kg1 Qxg3+ 42. Kf1 Qh3+ 43. Ke2 Qh2+ 44. Kd1 Qh5+ 45. Kd2 Qh2+ 46. Kd1 Qh5+ 47.
Kd2 Qh2+ 48. Kd1 1/2-1/2

[Event "World Blitz 2025"]
[Site "Doha QAT"]
[Date "2025.12.29"]
[Round "2.78"]
[White "Grebnev, Aleksey"]
[Black "Musovic, Armin"]
[Result "0-1"]
[WhiteTitle "GM"]
[BlackTitle "FM"]
[WhiteElo "2632"]
[BlackElo "2190"]
[WhiteFideId "34189030"]
[BlackFideId "939935"]
[EventDate "2025.12.29"]

1. d4 d5 2. c4 c5 3. cxd5 Nf6 4. Nf3 cxd4 5. Qxd4 Qxd5 6. Nc3 Qxd4 7. Nxd4 a6 8.
g3 e5 9. Nc2 Bf5 10. Ne3 Be6 11. Bg2 Nc6 12. Ned5 Nxd5 13. Nxd5 O-O-O 14. e4 Nb4
15. Ne3 Bc5 16. Ke2 Kb8 17. Bd2 Nc6 18. Rhc1 Bd4 19. Bc3 h5 20. h4 Bg4+ 21. Nxg4
hxg4 22. Bxd4 Nxd4+ 23. Ke3 Rc8 24. Kd3 Rcd8 25. Ke3 Rc8 26. Rxc8+ Rxc8 27. Rd1
Rc2 28. Rd2 Rc1 29. f4 0-1

[Event "World Blitz 2025"]
[Site "Doha QAT"]
[Date "2025.12.29"]
[Round "2.79"]
[White "Suyarov, Mukhammadzokhid"]
[Black "Muntean, Victor"]
[Result "1-0"]
[WhiteTitle "IM"]
[WhiteElo "2454"]
[BlackElo "2169"]
[WhiteFideId "14210495"]
[BlackFideId "1054414"]
[EventDate "2025.12.29"]

1. d4 Nf6 2. Nc3 d5 3. Bf4 g6 4. e3 a6 5. h3 Bg7 6. Nf3 O-O 7. Be2 c5 8. O-O
cxd4 9. exd4 Nc6 10. Ne5 Nd7 11. Nf3 Nf6 12. Re1 e6 13. Bf1 b5 14. Ne2 Ne4 15.
c3 b4 16. Qc2 Bd7 17. Ng3 Nxg3 18. Bxg3 Rc8 19. Bxa6 Ra8 20. Bb7 Ra7 21. Bxc6
Bxc6 22. cxb4 Bb5 23. a4 Qa8 24. b3 Rc8 25. Qd2 Be8 26. Rac1 Rb7 27. b5 Bf8 28.
Rxc8 Qxc8 29. Rc1 Qd8 30. Ne5 f6 31. Nc6 Qa8 32. Kh2 Rb6 33. Qe2 Kf7 34. a5 Rb7
35. a6 Rb6 36. Bc7 Rxc6 37. bxc6 Bxc6 38. Bg3 Bh6 39. Rc3 Qe8 40. a7 Qa8 41. Qc2 1-0

[Event "World Blitz 2025"]
[Site "Doha QAT"]
[Date "2025.12.29"]
[Round "2.80"]
[White "George Samir, David"]
[Black "Erdogmus, Yagiz Kaan"]
[Result "0-1"]
[WhiteTitle "IM"]
[BlackTitle "GM"]
[WhiteElo "2343"]
[BlackElo "2658"]
[WhiteFideId "10657789"]
[BlackFideId "44599790"]
[EventDate "2025.12.29"]

1. d4 Nf6 2. Nc3 d5 3. Bf4 c5 4. e3 Bg4 5. Nf3 Nc6 6. Be2 e6 7. O-O Be7 8. h3
Bxf3 9. Bxf3 cxd4 10. exd4 Qb6 11. Be3 Qxb2 12. Ne2 Qa3 13. Rb1 Na5 14. Bc1 Qa4
15. Nc3 Qd7 16. Re1 O-O 17. Bf4 Rfc8 18. Qd3 h6 19. g4 Nc4 20. Kg2 Nh7 21. Re2
Nf8 22. Rbe1 Ng6 23. Bg3 Bg5 24. Nd1 Rc6 25. Ne3 Rac8 26. Nxc4 Rxc4 27. Be5 Rc3
28. Qd1 Nh4+ 0-1

[Event "World Blitz 2025"]
[Site "Doha QAT"]
[Date "2025.12.29"]
[Round "2.81"]
[White "Vetokhin, Savva"]
[Black "Assylov, Miras"]
[Result "1-0"]
[WhiteTitle "GM"]
[BlackTitle "FM"]
[WhiteElo "2572"]
[BlackElo "2393"]
[WhiteFideId "44144474"]
[BlackFideId "13728873"]
[EventDate "2025.12.29"]

1. d4 Nf6 2. c4 g6 3. Nc3 Bg7 4. e4 d6 5. Nf3 O-O 6. Be3 Na6 7. h3 c6 8. Bd3 e5
9. O-O exd4 10. Nxd4 Nc5 11. Qc2 Re8 12. Rfe1 a5 13. Rad1 a4 14. b4 axb3 15.
axb3 Nxd3 16. Qxd3 Nd7 17. Nde2 Ra3 18. Nb1 Ra6 19. Nbc3 Ra3 20. Qc2 Qa5 21. Na4
Nc5 22. Bd2 Qa7 23. Be3 Qa5 24. Bc1 Rxa4 25. bxa4 Nxe4 26. Ng3 Nf6 27. Rxe8+
Nxe8 28. Bd2 Qc5 29. Re1 Be6 30. Qb3 b6 31. Be3 Qa5 32. Rc1 c5 33. Ne4 h6 34.
Rd1 Qa8 35. Nxd6 Nc7 36. Qxb6 Qxa4 37. Rf1 Na6 38. Qd8+ Kh7 39. Ne8 Qxc4 40.
Nf6+ Bxf6 41. Qxf6 Nc7 42. Qb2 Nd5 43. Rc1 Qe4 44. Bxc5 Nf4 45. f3 Ne2+ 46. Kf1
Qa4 1-0

[Event "World Blitz 2025"]
[Site "Doha QAT"]
[Date "2025.12.29"]
[Round "2.82"]
[White "Phuyal, Aashish"]
[Black "Gavrilescu, David"]
[Result "0-1"]
[BlackTitle "GM"]
[WhiteElo "1955"]
[BlackElo "2542"]
[WhiteFideId "12312649"]
[BlackFideId "1227190"]
[EventDate "2025.12.29"]

1. e4 c5 2. Nf3 a6 3. g3 Nc6 4. Bg2 Nf6 5. Qe2 d6 6. c3 g6 7. O-O Bg7 8. d3 O-O
9. a4 e5 10. Nbd2 Be6 11. Nc4 h6 12. Nfd2 Re8 13. Re1 Qc7 14. Ne3 b5 15. axb5
axb5 16. Rxa8 Rxa8 17. Nd5 Qd8 18. Nf1 Bd7 19. Nfe3 Nxd5 20. Nxd5 Ne7 21. Nxe7+
Qxe7 22. h4 Ra2 23. Kh2 Be6 24. Bh3 Bxh3 25. Kxh3 h5 26. c4 b4 27. Kg2 Qd7 28.
Qc2 Qb7 29. f3 b3 30. Qb1 Qb4 31. Re2 Qa4 32. d4 Ra1 0-1

[Event "World Blitz 2025"]
[Site "Doha QAT"]
[Date "2025.12.29"]
[Round "2.83"]
[White "Daneshvar, Bardiya"]
[Black "Ammar, Sedrani"]
[Result "1-0"]
[WhiteTitle "GM"]
[BlackTitle "FM"]
[WhiteElo "2600"]
[BlackElo "2203"]
[WhiteFideId "12576468"]
[BlackFideId "9312331"]
[EventDate "2025.12.29"]

1. e4 c6 2. d4 d5 3. e5 Bf5 4. Nf3 e6 5. Be2 Nd7 6. O-O Ne7 7. c3 h6 8. Re1 Rc8
9. Na3 c5 10. Be3 Nc6 11. Rc1 a6 12. Nb1 Be7 13. Nbd2 O-O 14. Nf1 cxd4 15. cxd4
Bb4 16. N3d2 Qb6 17. a3 Bxd2 18. Qxd2 Na5 19. Rc3 Nb3 20. Qd1 Rxc3 21. bxc3 Rc8
22. Ng3 Bg6 23. c4 dxc4 24. d5 Ndc5 25. Bxc4 exd5 26. Qxd5 Rd8 27. Qf3 Qc7 28.
Qg4 Qc6 29. e6 Kh7 30. exf7 Rf8 31. Bxc5 Nxc5 32. Qf4 Nd3 33. Bxd3 Bxd3 34. h4
Bg6 35. Re7 Qd5 36. h5 Bxf7 37. Nf5 Qd1+ 38. Kh2 Qxh5+ 39. Kg1 Qd1+ 40. Kh2 Qh5+
41. Nh4 Bg6 42. Qxf8 Qxh4+ 43. Kg1 Qd4 44. Re1 b5 45. Qb4 Qd5 46. Qc3 Qd6 47.
Rc1 Bf5 48. Qe3 Bg6 49. Rc5 Qd1+ 50. Kh2 Qd6+ 51. Qe5 Qd2 52. Rc7 1-0

[Event "World Blitz 2025"]
[Site "Doha QAT"]
[Date "2025.12.29"]
[Round "2.84"]
[White "Chekh Adm Khedr, Aram"]
[Black "Hong, Andrew"]
[Result "0-1"]
[WhiteTitle "FM"]
[BlackTitle "GM"]
[WhiteElo "2139"]
[BlackElo "2568"]
[WhiteFideId "7601948"]
[BlackFideId "2099438"]
[EventDate "2025.12.29"]

1. e4 c5 2. Ne2 d6 3. g3 Nc6 4. Bg2 g6 5. c3 Bg7 6. d4 Nf6 7. d5 Nb8 8. c4 O-O
9. Nbc3 a6 10. a4 e6 11. O-O exd5 12. exd5 Re8 13. h3 Nbd7 14. g4 Ne5 15. b3 h5
16. f4 Nexg4 17. hxg4 Nxg4 18. Ra2 Qh4 19. Rf3 Bd4+ 20. Nxd4 Re1+ 21. Qxe1 Qxe1+
22. Rf1 Qxc3 23. Nf3 Qxb3 24. Re2 Bf5 25. Re7 Qxc4 26. Ng5 Qd4+ 27. Kh1 Bd3 28.
Rfe1 Qf2 29. Nf3 h4 30. Be3 Qg3 0-1

[Event "World Blitz 2025"]
[Site "Doha QAT"]
[Date "2025.12.29"]
[Round "2.109"]
[White "Halkias, Stelios"]
[Black "Al Mashikhi, Salim Aliyan"]
[Result "1-0"]
[WhiteTitle "GM"]
[BlackTitle "FM"]
[WhiteElo "2503"]
[BlackElo "1952"]
[WhiteFideId "4201809"]
[BlackFideId "22000046"]
[EventDate "2025.12.29"]

1. Nf3 Nf6 2. c4 c5 3. Nc3 Nc6 4. e3 e5 5. d4 cxd4 6. exd4 exd4 7. Nxd4 Bc5 8.
Nb3 Qe7+ 9. Be2 O-O 10. Nxc5 Qxc5 11. O-O Nd4 12. Be3 Nxe2+ 13. Qxe2 Qf5 14.
Rad1 b6 15. Qd3 Qh5 16. Nd5 Ng4 17. h3 Ne5 18. Qc3 Bb7 19. Bf4 Ng6 20. Bg3 Rac8
21. Qd3 f5 22. Bd6 Rfe8 23. Rfe1 Re6 24. Rxe6 dxe6 25. Nf4 Qg5 26. g3 e5 27.
Nxg6 hxg6 28. Bxe5 Qh5 29. Qd7 1-0

[Event "World Blitz 2025"]
[Site "Doha QAT"]
[Date "2025.12.29"]
[Round "2.110"]
[White "Bodemar, Jonathan"]
[Black "Maksimovic, Bojan"]
[Result "0-1"]
[WhiteTitle "CM"]
[BlackTitle "GM"]
[WhiteElo "2154"]
[BlackElo "2533"]
[WhiteFideId "6205488"]
[BlackFideId "14408120"]
[EventDate "2025.12.29"]

1. e4 e6 2. d4 d5 3. Nc3 Bb4 4. Ne2 Nc6 5. exd5 exd5 6. a3 Ba5 7. b4 Bb6 8. Bb2
Nf6 9. b5 Ne7 10. g3 Bf5 11. Bg2 Qd7 12. O-O Bh3 13. a4 Bxg2 14. Kxg2 Ba5 15.
Qd3 O-O-O 16. Ba3 Rhe8 17. Rab1 Qf5 18. Rfd1 Ne4 19. Nxe4 dxe4 20. Qb3 Nd5 21.
c4 Nf6 22. Qe3 g5 23. h3 h5 24. d5 Bb6 25. c5 Nxd5 26. Rxd5 Rxd5 27. cxb6 Qf3+
28. Kg1 axb6 29. Nd4 Rxd4 30. Qxd4 Qxa3 31. Qd5 Qe7 32. Qf5+ Kb8 33. Re1 h4 34.
g4 f6 35. Kg2 Qe6 36. Qh7 Qe5 37. Re3 Qe7 38. Qg6 Ka7 39. Qf5 Qe5 40. Qh7 Re7
41. Qh8 f5 42. Qg8 f4 43. Re1 e3 44. Re2 Qe4+ 45. f3 Qd3 46. Qa2 Rd7 47. a5
Qxe2+ 0-1

[Event "World Blitz 2025"]
[Site "Doha QAT"]
[Date "2025.12.29"]
[Round "2.111"]
[White "Movahed, Sina"]
[Black "Kuandykuly, Danis"]
[Result "1-0"]
[WhiteTitle "GM"]
[BlackTitle "FM"]
[WhiteElo "2596"]
[BlackElo "2372"]
[WhiteFideId "42520835"]
[BlackFideId "13752260"]
[EventDate "2025.12.29"]

1. e4 e5 2. Nf3 Nc6 3. Bb5 Nge7 4. O-O Ng6 5. d4 exd4 6. Nxd4 Bc5 7. Nf5 O-O 8.
Be3 Bxe3 9. Nxe3 d6 10. Bc4 Kh8 11. Nc3 Nce7 12. f4 f5 13. Qd2 fxe4 14. Nxe4
Nxf4 15. Ng5 d5 16. Bxd5 Nexd5 17. Nxd5 Qxg5 18. Nxf4 Bf5 19. Rae1 Rad8 20. Qb4
Qf6 21. Ne6 Rfe8 22. Nxd8 Rxd8 23. Qe7 Qd4+ 24. Kh1 g6 25. c3 Qd5 26. Qxc7 Rd7
27. Qe5+ Qxe5 28. Rxe5 Kg7 29. Rfe1 Kf6 30. Kg1 Bg4 31. h3 Bf5 32. R5e2 h5 33.
a3 a5 34. Rf2 Kg7 35. Re5 a4 36. Kh2 Rc7 37. Rf4 Bd7 38. Re7+ 1-0

[Event "World Blitz 2025"]
[Site "Doha QAT"]
[Date "2025.12.29"]
[Round "2.112"]
[White "Fates, Omer Salah"]
[Black "Karthik, Venkataraman"]
[Result "0-1"]
[BlackTitle "GM"]
[WhiteElo "2079"]
[BlackElo "2589"]
[WhiteFideId "9212035"]
[BlackFideId "25006479"]
[EventDate "2025.12.29"]

1. e4 c5 2. Nf3 d6 3. Bb5+ Bd7 4. Bxd7+ Nxd7 5. d4 cxd4 6. Nxd4 Ngf6 7. Nc3 a6
8. O-O g6 9. Re1 Bg7 10. Bg5 h6 11. Bf4 e5 12. Ndb5 axb5 13. Be3 O-O 14. f3 b4
15. Nb5 d5 16. exd5 Qa5 17. c4 bxc3 18. Nxc3 b5 19. Ne4 b4 20. Qd2 Qxd5 21. Bxh6
Qxd2 22. Bxd2 Rfb8 23. Nd6 Nd5 24. Nc4 f6 25. Red1 Bf8 26. Bxb4 Rxb4 27. Rxd5
Nc5 28. Nd6 Rxb2 29. a4 Ne6 30. Ne4 Nf4 31. Rd7 Ra6 32. g3 Ne2+ 33. Kh1 Nd4 34.
a5 Nxf3 35. Ra2 0-1

[Event "World Blitz 2025"]
[Site "Doha QAT"]
[Date "2025.12.29"]
[Round "2.113"]
[White "Dudin, Gleb"]
[Black "Alrehaili, Ahmed Abdullah S"]
[Result "0-1"]
[WhiteTitle "GM"]
[BlackTitle "FM"]
[WhiteElo "2585"]
[BlackElo "2106"]
[WhiteFideId "34184934"]
[BlackFideId "21518840"]
[EventDate "2025.12.29"]

1. e4 e5 2. Bc4 Nf6 3. d3 Bc5 4. Nc3 c6 5. Nf3 d6 6. O-O O-O 7. h3 Be6 8. Bxe6
fxe6 9. Ne2 Nbd7 10. Ng3 Qe8 11. c3 Bb6 12. a4 a5 13. Qb3 d5 14. Bd2 Qg6 15. Kh2
Nh5 16. Nxh5 Qxh5 17. Qd1 h6 18. Qe2 Rf7 19. Be3 Bc7 20. Rg1 Raf8 21. g4 Qg6 22.
Nh4 Qh7 23. Rg3 d4 24. cxd4 exd4 25. Kg2 dxe3 26. Rf3 g5 27. Rxf7 Qxf7 28. Nf3
Ne5 29. Nxe5 Qxf2+ 30. Qxf2 Rxf2+ 0-1

[Event "World Blitz 2025"]
[Site "Doha QAT"]
[Date "2025.12.29"]
[Round "2.114"]
[White "Kobalia, Mikhail"]
[Black "Ashwath Kaushik"]
[Result "1-0"]
[WhiteTitle "GM"]
[BlackTitle "FM"]
[WhiteElo "2537"]
[BlackElo "2345"]
[WhiteFideId "4119150"]
[BlackFideId "33387230"]
[EventDate "2025.12.29"]

1. e4 c5 2. Nf3 d6 3. Bb5+ Nd7 4. Ba4 a6 5. c4 Nf6 6. Nc3 e6 7. O-O Be7 8. d3
O-O 9. Qe2 h6 10. Nd2 Rb8 11. f4 Nb6 12. Bb3 Re8 13. Nf3 d5 14. cxd5 exd5 15. e5
Nh7 16. d4 cxd4 17. Nxd4 Bc5 18. Be3 Nf8 19. Kh1 Qe7 20. Rad1 Rd8 21. Qf2 Bg4
22. Rd2 Nc4 23. Bxc4 dxc4 24. h3 Bc8 25. Ne4 Bxd4 26. Rxd4 Rxd4 27. Bxd4 Bf5 28.
Nd6 Bd3 29. Re1 Rd8 30. f5 f6 31. Qg3 fxe5 32. Bxe5 Nh7 33. Bc3 Qg5 34. Qe5 Nf8
35. Re3 Rxd6 36. Rg3 Qc1+ 37. Kh2 g5 38. Qg7# 1-0

[Event "World Blitz 2025"]
[Site "Doha QAT"]
[Date "2025.12.29"]
[Round "2.115"]
[White "Anand, Tsogtbileg"]
[Black "Gaehwiler, Gabriel"]
[Result "0-1"]
[WhiteTitle "CM"]
[BlackTitle "IM"]
[WhiteElo "1968"]
[BlackElo "2382"]
[WhiteFideId "4926552"]
[BlackFideId "1314530"]
[EventDate "2025.12.29"]

1. d4 Nf6 2. c4 g6 3. g3 Bg7 4. Bg2 O-O 5. Nf3 d6 6. O-O c6 7. Nc3 Bf5 8. Nd2
Na6 9. e4 Bg4 10. Qc2 Qc8 11. Re1 Nb4 12. Qb1 e5 13. dxe5 dxe5 14. a3 Na6 15. b4
Nc7 16. Nb3 Bh3 17. Bh1 Ne6 18. Be3 Ng4 19. Bc5 Rd8 20. f3 Nxc5 21. Nxc5 Nf6 22.
Qc2 Nd7 23. Nd3 Be6 24. c5 b6 25. cxb6 axb6 26. a4 Bf8 27. Red1 Bc4 28. Rab1 Nb8
29. Nb2 Be6 30. Nd3 Na6 31. b5 cxb5 32. axb5 Nc5 33. Nxe5 Nxe4 34. Rxd8 Qc5+ 35.
Kf1 Rxd8 36. fxe4 Qxe5 37. Rd1 Rc8 38. Rc1 Bh6 39. Rd1 Rxc3 40. Qf2 Be3 41. Qf3
Kg7 42. Bg2 Bc4+ 43. Ke1 Bd2+ 44. Rxd2 Rxf3 45. Bxf3 Qc3 46. Be2 Qe3 47. Kd1
Qxe4 48. Bxc4 Qxc4 49. Rc2 Qxb5 50. Kc1 h5 51. Rb2 Qc5+ 52. Kb1 g5 53. Ka2 h4
54. gxh4 gxh4 55. Rg2+ Kf8 56. Rb2 f5 57. Kb1 f4 58. Rc2 Qb5+ 59. Kc1 f3 60. Kd1
Qd3+ 61. Kc1 Qe3+ 62. Kb2 f2 63. Rc8+ Ke7 64. Rc7+ Kd6 65. Rf7 Qe2+ 66. Ka3 Qd3+
67. Kb4 Qd4+ 68. Ka3 Qc3+ 69. Ka4 Qc4+ 70. Ka3 Qxf7 0-1